| 000 | 02806nam a2200313 i 4500 | ||
|---|---|---|---|
| 001 | on1396071470 | ||
| 003 | OCoLC | ||
| 005 | 20251020124337.0 | ||
| 008 | 230623t20232023fr 000 f fre d | ||
| 010 | _a2023431841 | ||
| 020 |
_a9782378803759 _q(paperback) |
||
| 035 |
_a(OCoLC)1396071470 _z(OCoLC)1395541703 _z(OCoLC)1401158743 |
||
| 037 |
_a204016633 _bGroupe Archambault |
||
| 040 |
_aHUL _beng _erda _cHUL _dOCLCO _dPUL _dDLC _dQGK _dQGJ _dCGU _dC3L _dEWF _dAUXAM _dTOH _dFUG _dERASP _dEEM _dMNN _dMBB _dOCLCO _dWTV _dGUA _dOCLCF _dCDS _dJHE _dUOH |
||
| 050 | 4 |
_aPQ2701.N374 _bV45 2023 |
|
| 100 |
_aAndrea, Jean-Baptiste, _d1971- _eauthor. |
||
| 245 | 1 | 0 |
_aVeiller sur elle _c/ Jean-Baptiste Andrea. |
| 264 | 1 |
_aParis : _bL'Iconoclaste, _c[2023] |
|
| 300 |
_a580 pages ; _c20 cm. |
||
| 500 | _aNovel. | ||
| 520 |
_aAu grand jeu du destin, Mimo a tiré les mauvaises cartes. Né pauvre, il est confié en apprentissage à un sculpteur de pierre sans envergure. Mais il a du génie entre les mains. Toutes les fées ou presque se sont penchées sur Viola Orsini. Héritière d'une famille prestigieuse, elle a passé son enfance à l'ombre d'un palais génois. Mais elle a trop d'ambition pour se résigner à la place qu'on lui assigne.
Ces deux-là n'auraient jamais dû se rencontrer. Au premier regard, ils se reconnaissent et se jurent de ne jamais se quitter. Viola et Mimo ne peuvent ni vivre ensemble, ni rester longtemps loin de l'autre. Liés par une attraction indéfectible, ils traversent des années de fureur quand l'Italie bascule dans le fascisme. Mimo prend sa revanche sur le sort, mais à quoi bon la gloire s'il doit perdre Viola ?
Un roman plein de fougue et d'éclats, habité par la grâce et la beauté. _cProvided by publisher. |
||
| 520 | _aIn the great game of destiny, Mimo was dealt the wrong cards. Born into poverty, he is apprenticed to a mediocre stonemason. Yet in his hands lies true genius. Viola Orsini, by contrast, has had almost every blessing. Heiress to a prestigious family, she grew up in the shadow of a grand Genoese palazzo. But her ambitions are far greater than the role assigned to her. These two should never have met. And yet, at first glance, they recognise one another and vow never to part. Viola and Mimo can neither live together nor stay apart for long. Bound by an unbreakable attraction, they endure the turmoil of an Italy descending into fascism. Mimo wins his revenge on fate – but what use is glory if it means losing Viola? A novel brimming with fire and brilliance, graced with beauty and passion. | ||
| 586 | _aPrix Goncourt 2023. | ||
| 586 | _aPrix du Roman FNAC 2023. | ||
| 650 | 0 |
_aMan-woman relationships _vFiction _911134 |
|
| 651 | 0 |
_aItaly _xHistory _y20th century _vFiction. |
|
| 655 | 0 |
_aHistorical fiction _922722 |
|
| 942 | _2lcc | ||
| 999 |
_c4571 _d4571 |
||